00859pam a2200241 a 450000100060000000300080000600500170001400800390003102000150007003500190008504000320010404100080013608200220014410000290016624500620019526000570025730000330031450400500034765000180039765000230041585600890043885600900052710220BD-RjUL20211208234921.0140123t2004 enka b 001 0 eng a0195670299 a(BD-RjUL)10268 aDLCcDLCdDLCdBD-RjULbeng aeng00a546221bMIE 20041 aMingos, D. M. P.,d1944-10aEssential trends in inorganic chemistry /cD.M.P. Mingos. aOxford ;aNew York :bOxford University Press,c2004 avi, 392 p. :bill. ;c26 cm. aIncludes bibliographical reference and index. 0aPeriodic law. 0aChemical elements.423Publisher descriptionuhttp://www.loc.gov/catdir/enhancements/fy0603/97035359-d.html413Table of contents onlyuhttp://www.loc.gov/catdir/enhancements/fy0603/97035359-t.html